Statistiques concernant Culture Générale - Série 2188

Cliquez ici pour prendre le quiz!

Statistiques générales

  • Ce quiz a été pris 90 fois
  • Le résultat moyen est 4 sur 10

Statistiques - réponses

QuestionRéponse% Correct
Quel sport pratiquait René Lacoste, fondateur de la célèbre marque de prêt-à-porter Lacoste ?tennis
89%
Quel est le chef-lieu du département de l’Allier ?Moulins
60%
Dans quelle ville se trouve le stade de football de Santiago Bernabeu ?Madrid
59%
Quel était le vrai prénom de Coco Chanel ?Gabrielle
42%
Qui a réalisé le thriller « Les Rivières Pourpres » en 2000 ? prénom et nom - voir photoMathieu Kassovitz
41%
Quel acteur joue le rôle d'Hannibal Lecter dans le film « Le Silence des agneaux » ? prénom et nomAnthony Hopkins.
36%
Où siège la Cour de Justice de l’Union européenne ?Luxembourg
36%
De quel fruit, la Spanish lisse est-elle une variété ?ananas
19%
De quel fruit l'Eureka est-il une variété ?citron
18%
Quel pays est le premier producteur mondial de bananes ?Inde
16%

Distribution des résultats

Percentile par nombre de réponses

% des personnes avec chaque résultat

Votre développement - résultats

Vous n’avez pas pris ce quiz